000 00423nam a22001217a 4500
008 230614b xxu||||| |||| 00| 0 eng d
020 _a978-9966-008-57-2
082 _a808
_bCHI 2011
245 _aSchools Business Plan Writing Handbook:
_bStep-by-step methodology of Writing a business plan for a school
_cJohn Chikati
260 _aNairobi, Kenya
_bREPARED Publishing Department
_c2011
300 _aix, 72p
942 _2ddc
_cBK
999 _c1142
_d1142